| 000 | 02651nam0a2200457 4500 | ||
|---|---|---|---|
| 001 | RU\NLR\BIBL_A\012842288 | ||
| 005 | 20250624180723.0 | ||
| 010 |
_a978-5-6046549-2-7 _9300 |
||
| 021 |
_aRU _b2022-106и _9АЛ-П-23 |
||
| 035 | _a(RuMoRGB)010981370 | ||
| 035 | _a(NLR Aleph) 012842288 | ||
| 090 |
_a12399774 _c12399774 |
||
| 100 | _a20220706d2021 |||y0rusy50 ca | ||
| 101 | 1 |
_aeng _arus |
|
| 102 | _aRU | ||
| 105 | _aac z 000zy | ||
| 181 | 0 |
_ab3 _bxb2e |
|
| 181 | 0 |
_ai1 _baxxe |
|
| 182 | 0 | _an | |
| 200 | 1 |
_aСаха. Топографические портреты _dSakha. Topographic portraits _eфотоальбом _fАндрей Жилин _g[Виктор благотворительный фонд им. В. И. Жилина] _zeng |
|
| 203 |
_aИзображение _aТекст _bвизуальные _cнепосредственные |
||
| 210 |
_aСанкт-Петербург _cСиний гранат _d2021 |
||
| 215 |
_a[326] с. _cил., цв. ил. _d29 |
||
| 300 | _aАвт. также на англ. яз.: Andrei Zhilin | ||
| 300 | _aНа обл. авт. не указан | ||
| 300 | _aТекст парал. англ., рус. | ||
| 330 | _aПолтора месяца в землях Саха-много это или мало? Наверное, мало, скорее всего мало. Но процесс впитывания впечатлений идет в экстремальном темпе. География места, красота природы, замечательные люди. Изначально не в полной мере отслеживаешь то, что творится вокруг. В таком режиме работы происходит переключение на другой способ восприятия реальности и другая концентрация на процессе фотографирования | ||
| 333 | _a10+ | ||
| 510 | 1 |
_6z22790 _aSakha. Topographic portraits _zeng |
|
| 600 | 1 |
_aЖилин _bА. В. _gАндрей Викторович _jФотоальбомы _92528214 _3RU\NLR\AUTH\6601711696 |
|
| 607 |
_aСаха (Якутия), Республика _jФотоальбомы _92081256 _3RU\NLR\AUTH\661257233 |
||
| 675 |
_a778.041(571.56)(084) _v4 |
||
| 686 | 1 | _aД890(2Р54-6Я)я61 | |
| 686 | 1 | _aЩ163(2Р=Рус)7-8Жилин я61 | |
| 700 | 1 |
_aЖилин _bА. В. _gАндрей Викторович |
|
| 790 | 1 |
_6z22510 _aŽilin _bA. V. _gAndrej Viktorovič |
|
| 942 | _cBOOK | ||
| 980 | _aNB | ||